[Event "ITA-ch Seniors 34th"]
[Site "Arvier"]
[Date "2012.04.14"]
[Round "1"]
[White "Chiandussi, Livio"]
[Black "Brioschi, Camillo"]
[Result "0-1"]
[WhiteElo "1484"]
[BlackElo "1839"]
[PlyCount "86"]
[EventDate "2012.04.14"]
[EventType "swiss"]
[EventRounds "9"]
[EventCountry "ITA"]
[SourceTitle "CBM 148 Extra"]
[Source "ChessBase"]
[SourceDate "2012.06.22"]
[SourceVersion "1"]
[SourceVersionDate "2012.06.22"]
[SourceQuality "1"]

1. d4 Nf6 2. c4 g6 3. Nc3 d5 4. Nxd5 Nxd5 5. cxd5 Qxd5 6. Nf3 Bg7 7. Bf4 c5 8. e3 Nc6 9. Bb5 0-0 10. Bxc6 bxc6 11. 0-0 cxd4 12. exd4 Bg4 13. Be3 Bxf3 14. Qxf3 Qxf3 15. gxf3 Rfd8 16. Rfd1 Rd5 17. Rac1 Rc8 18. f4 Kf8 19. Rc4 Ke8 20. b4 a5 21. a3 axb4 22. axb4 Kd7 23. Kg2 e6 24. Kf3 Bf8 25. Ra1 Rb5 26. Bd2 Bd6 27. Ra7+ Rc7 28. Ra8 Rcb7 29. Ra4 Rh5 30. Kg3 g5 31. h3 gxf4+ 32. Kg4 Rh6 33. Ra5 f5+ 34. Kf3 Rxh3+ 35. Kg2 Rd3 36. Be1 Rd1 37. Bc3 Rc1 38. Ra6 Rc7 39. Rb6 e5 40. dxe5 Bxe5 41. Bxe5 Rxc4 42. Bxc7 Kxc7 43. Ra6 Rxb4 0-1

[Event "ITA-ch Seniors 32nd"]
[Site "Arvier"]
[Date "2010.04.23"]
[Round "6"]
[White "Lisandri, Luigi"]
[Black "Chiandussi, Livio"]
[Result "1-0"]
[WhiteElo "1488"]
[BlackElo "1551"]
[PlyCount "111"]
[EventDate "2010.04.18"]
[EventType "swiss"]
[EventRounds "9"]
[EventCountry "ITA"]
[SourceTitle "EXT 2024"]
[Source "ChessBase"]
[SourceDate "2023.10.10"]
[SourceVersion "1"]
[SourceVersionDate "2023.10.10"]
[SourceQuality "1"]

1. c4 e5 2. Nc3 Nf6 3. e4 c6 4. Nf3 d6 5. Be2 h6 6. b3 Be7 7. Bb2 Nbd7 8. d3 0-0 9. 0-0 Nh5 10. Bc1 a6 11. Be3 Re8 12. Ne1 Nhf6 13. Qc1 Nf8 14. h3 Be6 15. Na4 c5 16. f4 exf4 17. Bxf4 Ng6 18. Bh2 Nh7 19. Nc3 Bf6 20. Nd5 Bxa1 21. Qxa1 b5 22. Nf3 bxc4 23. bxc4 Rb8 24. Bd1 Qd7 25. Bb3 Bxd5 26. cxd5 Rb6 27. Bg3 Reb8 28. e5 dxe5 29. Nxe5 Nxe5 30. Bxe5 Rf8 31. Bxg7 Rg6 32. Be5 Qxh3 33. Rf2 Qe3 34. Bc4 Ng5 35. Kf1 Nh7 36. Bxa6 Rxa6 37. d6 Qxd3+ 38. Kg1 Rb6 39. Kh2 Rb1 40. Qc3 Qxc3 41. Bxc3 Rd8 42. Be5 Rc1 43. Rd2 Rd7 44. Rb2 f6 45. Bg3 Kf7 46. Bf4 Ng5 47. Bxc1 Rxd6 48. a4 Ra6 49. Ra2 Ke6 50. a5 Kd5 51. Bb2 Ne4 52. Ra4 Kc6 53. Rxe4 Rxa5 54. Bxf6 Kd5 55. Rh4 c4 56. Rh5+ 1-0

[Event "ITA-ch Seniors 32nd"]
[Site "Arvier"]
[Date "2010.04.18"]
[Round "1"]
[White "Chiandussi, Livio"]
[Black "Rossi, Giampiero"]
[Result "0-1"]
[WhiteElo "1551"]
[BlackElo "1914"]
[PlyCount "42"]
[EventDate "2010.04.18"]
[EventType "swiss"]
[EventRounds "9"]
[EventCountry "ITA"]
[SourceTitle "EXT 2024"]
[Source "ChessBase"]
[SourceDate "2023.10.10"]
[SourceVersion "1"]
[SourceVersionDate "2023.10.10"]
[SourceQuality "1"]

1. d4 d5 2. c4 e6 3. Nc3 c6 4. Nf3 Nf6 5. Bg5 Nbd7 6. e4 dxe4 7. Nxe4 Be7 8. Bd3 Nxe4 9. Bxe7 Nxf2 10. Bxd8 Nxd1 11. Rxd1 Kxd8 12. Ng5 Ke7 13. 0-0 Nf6 14. Rde1 h6 15. Ne4 Rd8 16. d5 cxd5 17. Nxf6 gxf6 18. b3 dxc4 19. Bxc4 Bd7 20. Re3 Bc6 21. Re2 b5 0-1

[Event "Trieste op-A 06th"]
[Site "Trieste"]
[Date "2004.09.06"]
[Round "3"]
[White "Chiandussi, Livio"]
[Black "Plani, Andrea"]
[Result "0-1"]
[WhiteElo "1515"]
[BlackElo "1706"]
[PlyCount "54"]
[EventDate "2004.09.04"]
[EventType "swiss"]
[EventRounds "9"]
[EventCountry "ITA"]
[SourceTitle "CBM 102 Extra"]
[Source "ChessBase"]
[SourceDate "2004.11.03"]
[SourceVersion "1"]
[SourceVersionDate "2004.11.03"]
[SourceQuality "1"]

1. d4 d6 2. c4 Nf6 3. Nc3 g6 4. e4 Bg7 5. f4 c5 6. e5 Ng4 7. Be2 cxd4 8. Nb5 Ne3 9. Bxe3 dxe3 10. exd6 0-0 11. dxe7 Qxe7 12. Qb3 Nc6 13. Nf3 a6 14. Nc3 Be6 15. Nd5 Bxd5 16. cxd5 Na5 17. Qb6 Qd8 18. Qxd8 Raxd8 19. Rb1 Rxd5 20. 0-0 Nc6 21. b3 Nd4 22. Bc4 Nxf3+ 23. Rxf3 Rd2 24. f5 e2 25. Re1 Bd4+ 26. Kh1 Rd1 27. Bxe2 Rxe1+ 0-1